Industrial Management I (Record no. 329863)
[ view plain ]
| 000 -LEADER | |
|---|---|
| fixed length control field | 00496nam a2200181Ia 4500 |
| 008 - FIXED-LENGTH DATA ELEMENTS--GENERAL INFORMATION | |
| fixed length control field | 230718s9999 xx 000 0 und d |
| 020 ## - INTERNATIONAL STANDARD BOOK NUMBER | |
| International Standard Book Number | 81 7660 089 X |
| 041 ## - LANGUAGE CODE | |
| Language code of text/sound track or separate title | eng |
| 082 ## - DEWEY DECIMAL CLASSIFICATION NUMBER | |
| Classification number | 658.4 |
| Item number | JHA |
| 100 ## - MAIN ENTRY--PERSONAL NAME | |
| Personal name | Jhamb L.C. |
| 245 ## - TITLE STATEMENT | |
| Title | Industrial Management I |
| 250 ## - EDITION STATEMENT | |
| Edition statement | 10th ed. |
| 260 ## - PUBLICATION, DISTRIBUTION, ETC. (IMPRINT) | |
| Date of publication, distribution, etc. | 2011 |
| Name of publisher, distributor, etc. | Everest Publishing House |
| 300 ## - PHYSICAL DESCRIPTION | |
| Extent | 1060 |
| Accompanying material [OBSOLETE, CAN/MARC] | Ref 1423 E (40964) |
| 365 ## - TRADE PRICE | |
| Currency code | Rs. |
| Price amount | 505.00 |
| 700 ## - ADDED ENTRY--PERSONAL NAME | |
| Personal name | Jhamb L.C. & Jhamb S. |
| 906 ## - LOCAL DATA ELEMENT F, LDF (RLIN) | |
| d | O:0254513-Feb-2012B:283430-Jan-2012 |
| c | ETC |
| b | 606 |
| Withdrawn status | Lost status | Damaged status | Not for loan | Home library | Current library | Date acquired | Vendor | Budget Code | Cost, normal purchase price | Bill number | Total Checkouts | Full call number | Barcode | Date last seen | Discount | Cost, replacement price | Bill Date | Koha item type | Original Barcode |
|---|---|---|---|---|---|---|---|---|---|---|---|---|---|---|---|---|---|---|---|
| Cummins College of Engineering for Women Pune | Cummins College of Engineering for Women Pune | 10/02/2012 | Pradeep Book Distributors | ETC | 404.00 | 2834 | 658.4 | CCEP-BK-41070 | 18/07/2023 | 606 | 505.00 | 30/01/2012 | Books | 041070 |